00883nam a2200265Ia 450000500170000000800410001702000180005810000430007624500460011925000180016530000250018349000130020850000430022165000340026465000380029865000350033665000370037165000420040826400330045033600270048333700330051033800280054304000350057108400110060620220317001444.0161108s2013 ag g 000 f s  a97898767017541 aArenas, Reinaldo, 1943-1990d1943-199010aCelestino antes del albacReinaldo Arenas a1a. edición a238 páginasc19 cm aFábula aOtra serie: Biblioteca Reinaldo Arenas142LEMBaNovela cubanaySiglo XX142LEMBaLiteratura cubanaySiglo XX142LEMBaNiños en la literatura142LEMBaLibertad en la literatura 142LEMBaVida Cotidiana en la literatura aBuenos AiresbTusquetsc2013 atextobtxt2rdacontent asin mediaciónbn2rdamedia avolumenbnc2rdacarrier aCO-BoRNBPbspaerdacCO-BoRNBP aN ARE1